[Event "ARG-ch CAA sf"]
[Site "Buenos Aires"]
[Date "1986.??.??"]
[Round "2"]
[White "Cranbourne, Carlos Leon"]
[Black "Palermo, Vicente"]
[Result "1/2-1/2"]
[WhiteElo "2285"]
[BlackElo "2355"]
[PlyCount "29"]
[EventDate "1986.??.??"]
[EventType "tourn"]
[EventRounds "11"]
[EventCountry "ARG"]
[SourceTitle "EXT 2001"]
[Source "ChessBase"]
[SourceDate "2000.11.22"]
[SourceVersion "1"]
[SourceVersionDate "2000.11.22"]
[SourceQuality "1"]

1. e4 c5 2. Nf3 e6 3. d4 cxd4 4. Nxd4 a6 5. Nc3 Qc7 6. g3 Nf6 7. Bg2 Nc6 8. 0-0 Nxd4 9. Qxd4 Bc5 10. Bf4 d6 11. Qd1 h6 12. Na4 e5 13. Nxc5 exf4 14. Nd3 fxg3 15. hxg3 1/2-1/2